[Event "TIPC 2005"]
[Site "Charleroi"]
[Date "2005.07.31"]
[Round "2"]
[White "Glibert S"]
[Black "Minyeyevtsev S"]
[Result "0-1"]
[WhiteElo "1827"]
[BlackElo "2183"]
[PlyCount "46"]

1. e4 e5 2. Nf3 Nc6 3. d4 exd4 4. Bc4 Nf6 5. O-O
Nxe4 6. Re1 d5 7. Bxd5 Qxd5 8. Nc3 Qh5 9. Nxe4 Be7 10. Bg5 Bg4 11. Bxe7 Bxf3
12. gxf3 Nxe7 13. Qxd4 O-O 14. Nf6+ gxf6 15. Rxe7 Qxf3 16. Rae1 Kh8 17. R7e3
Rg8+ 18. Kf1 Qg2+ 19. Ke2 Qg6 20. Qc3 Rad8 21. Rg3 Rge8+ 22. Kf1 Rxe1+ 23. Kxe1
Qe4+ 0-1

[Event "TIPC 2005"]
[Site "Charleroi"]
[Date "2005.07.31"]
[Round "2"]
[White "Gouliev N"]
[Black "Scoriels M"]
[Result "1/2-1/2"]
[WhiteElo "2555"]
[BlackElo "2031"]
[PlyCount "82"]

1. e4 e5 2. Nf3 Nc6 3. Bb5 d6 4. d4 Bd7 5. d5
Nce7 6. Bxd7+ Qxd7 7. O-O Nf6 8. Re1 Ng6 9. c4 Be7 10. Nc3 O-O 11. Bd2 h6 12.
b4 Nh7 13. Qb3 f5 14. c5 Kh8 15. Rac1 dxc5 16. bxc5 Bxc5 17. Qxb7 Nf6 18. exf5
Qxf5 19. Be3 Bxe3 20. fxe3  Ng4 21. h3 Nh4 22. hxg4 Nxf3+ 23.
gxf3 Qxf3 24. Qb2 Qxg4+ 25. Qg2 Qb4 26. Ne4 Rf5 27. Rf1 Raf8 28. Rxf5 Rxf5 29.
Qg4 Rg5 30. Qxg5 hxg5 31. Nf2 g4 32. Kg2 Qd2 33. Rxc7 Qxd5+ 34. e4 Qxa2 35. Kg3
Qe2 36. Nxg4 Qxe4 37. Rxa7 Qf4+ 38. Kh4 e4 39. Re7 Kh7 40. Re5 Kg8 41. Kh5
Qxe5+ 1/2-1/2

[Event "TIPC 2005"]
[Site "Charleroi"]
[Date "2005.07.31"]
[Round "2"]
[White "Karpatchev A"]
[Black "Mattheys E"]
[Result "1-0"]
[WhiteElo "2487"]
[BlackElo "1900"]
[PlyCount "47"]

1. e4 e6 2. d4 d5 3. Nd2 c5 4. Ngf3 Nf6 5. e5
Nfd7 6. c3 Nc6 7. Bd3 f6 8. O-O cxd4 9. cxd4 Be7 10. exf6 Nxf6 11. Ne5 Qb6 12.
Nb3 O-O 13. Bg5 h6 14. Bh4 Bd6 15. Bg3 Ne7 16. Re1 Nf5 17. Rc1 Nxg3 18. hxg3
Nd7 19. Rxc8 Rfxc8 20. Nxd7 Qc6 21. Ne5 Bxe5 22. Rxe5 Rf8 23. Qe2 Rf6 24. Nc5
1-0

[Event "TIPC 2005"]
[Site "Charleroi"]
[Date "2005.07.31"]
[Round "2"]
[White "Kocur M"]
[Black "Vandevoort P"]
[Result "0-1"]
[WhiteElo "1842"]
[BlackElo "2414"]
[PlyCount "54"]

1. e4 c5 2. Nf3 Nc6 3. Bb5 g6 4. Bxc6 bxc6 5.
O-O Bg7 6. Re1 e5 7. d3 d6 8. Nbd2 Ne7 9. Nc4 O-O 10. Bd2 f5 11. Ba5 Qd7 12.
Qe2 h6 13. Rad1 g5 14. exf5 Nxf5 15. c3 Ba6 16. Nfd2 Rae8 17. Ne4 Bc8 18. Ne3
Nh4 19. Ng3 Ng6 20. Qc2 Nf4 21. d4 cxd4 22. Nef5 Rxf5 23. Nxf5 Qxf5 24. Qxf5
Bxf5 25. cxd4 Kf7 26. Bc7 exd4 27. Bxd6 d3 0-1

[Event "TIPC 2005"]
[Site "Charleroi"]
[Date "2005.07.31"]
[Round "2"]
[White "Brunet D"]
[Black "Ghislain JP"]
[Result "1-0"]
[WhiteElo "1727"]
[BlackElo "1472"]
[PlyCount "51"]

1. e4 e5 2. f4 exf4 3. Nf3 d6 4. Bc4 Be7 5. O-O
Nf6 6. Nc3 Nc6 7. d4 O-O 8. Bxf4 Bg4 9. h3 Bh5 10. Qd2 Bg6 11. Rae1 a6 12. a3
b5 13. Ba2 Qc8 14. e5 dxe5 15. Nxe5 Nxe5 16. Bxe5 Re8 17. Nd5 Nxd5 18. Bxd5 c6
19. Ba2 Qd8 20. Rf3 Bg5 21. Qf2 Qd7 22. Rf1 Ra7 23. h4 Bd8 24. Qg3 Rf8 25. h5
Bb6 26. c3 1-0

[Event "TIPC 2005"]
[Site "Charleroi"]
[Date "2005.08.01"]
[Round "2"]
[White "Maarse Willy"]
[Black "Rogmans Jelle"]
[Result "0-1"]
[WhiteElo "1521"]
[BlackElo "1761"]
[PlyCount "96"]

1. e4 d5 2. exd5 Qxd5 3. Nc3 Qa5 4. d4 c6 5. Nf3
Nf6 6. Bd2 Bf5 7. Be2 e6 8. O-O Qc7 9. Nh4 Bg6 10. Nxg6 hxg6 11. g3 Bd6 12. Bf3
Nbd7 13. Ne4 Nxe4 14. Bxe4 O-O-O 15. f4 Nf6 16. Bf3 Qb6 17. Bc3 Bc5 18. Kg2
Bxd4 19. Qe2 Nd5 20. Bxd4 Qxd4 21. Bxd5 Qxd5+ 22. Qf3 Qxf3+ 23. Kxf3 Rxh2 24.
Rfd1 Rxc2 25. b3 Rxd1 26. Rxd1 Rxa2 27. Ke4 Re2+ 28. Kf3 Rb2 29. Rd3 Kc7 30. g4
a5 31. Re3 b5 32. f5 gxf5 33. gxf5 a4 34. bxa4 bxa4 35. fxe6 fxe6 36. Rxe6 a3
37. Re7+ Kb6 38. Re8 Kc5 39. Ke3 a2 40. Ra8 Kc4 41. Ra6 c5 42. Ra4+ Kb3 43. Ra5
c4 44. Kd4 Rd2+ 45. Kc5 c3 46. Rb5+ Kc2 47. Ra5 Kb1 48. Rb5+ Rb2 0-1

[Event "TIPC 2005"]
[Site "Charleroi"]
[Date "2005.08.01"]
[Round "2"]
[White "Versailles Marc"]
[Black "Deboulle Patrick"]
[Result "1-0"]
[WhiteElo "1759"]
[BlackElo "1492"]
[PlyCount "47"]

1. d4 c5 2. dxc5 b6 3. cxb6 Qxb6 4. e3 e6 5. Qd4
Qxd4 6. exd4 Nc6 7. c3 Rb8 8. Nf3 Bd6 9. Nbd2 Nge7 10. Bd3 Bf4 11. Rb1 d5 12.
O-O e5 13. dxe5 Nxe5 14. Nxe5 Bxe5 15. Nf3 Bf6 16. Bf4 Rb6 17. Be3 Rb8 18. Rfe1
Be6 19. Nd4 Bxd4 20. Bxd4 O-O 21. Bxa7 Ra8 22. Bc5 Rfb8 23. Bxe7 Rxa2 24. Ba3
1-0

[Event "TIPC 2005"]
[Site "Charleroi"]
[Date "2005.08.01"]
[Round "2"]
[White "Burel Iwan"]
[Black "Delcour Errol"]
[Result "0-1"]
[WhiteElo "1510"]
[BlackElo "1756"]
[PlyCount "118"]

1. d4 Nf6 2. e3 g6 3. Bd3 d5 4. f4 Bg7 5. Nf3
O-O 6. O-O Nbd7 7. Ne5 c5 8. c3 c4 9. Bc2 Nxe5 10. fxe5 Ne8 11. Nd2 f6 12. Nf3
fxe5 13. Nxe5 Bxe5 14. Rxf8+ Kxf8 15. dxe5 Ng7 16. e4 Be6 17. Qf3+ Kg8 18. Bg5
Qd7 19. Rf1 d4 20. cxd4 Qxd4+ 21. Kh1 Qd8 22. b3 Rc8 23. bxc4 b5 24. c5 Qd7 25.
Bb3 Bxb3 26. axb3 Qe6 27. b4 h5 28. h3 Qxe5 29. Qf7+ Kh7 30. Qxe7 Re8 31. Qxa7
Qxg5 32. Rf7 Qc1+ 33. Kh2 Qc3 34. Qb7 h4 35. c6 Rxe4 36. Qa7 Qe5+ 37. Kg1 Re1+
38. Rf1 Rxf1+ 39. Kxf1 Qf6+ 40. Kg1 Qxc6 41. Qd4 Qc1+ 42. Kh2 Qg5 43. Qd6 Qg3+
44. Qxg3 hxg3+ 45. Kxg3 Nf5+ 46. Kf4 Nd4 47. Ke5 Nc6+ 48. Kd5 Nxb4+ 49. Kc5
Nd3+ 50. Kxb5 Nf4 51. g3 Nxh3 52. Kc4 Kh6 53. Kd3 Kg5 54. Ke2 Kg4 55. Kd2 Kxg3
56. Ke2 g5 57. Ke3 g4 58. Ke2 Kh2 59. Ke3 g3 0-1

[Event "TIPC 2005"]
[Site "Charleroi"]
[Date "2005.07.31"]
[Round "2"]
[White "Platel A"]
[Black "Mailleux G"]
[Result "1-0"]
[WhiteElo "2164"]
[BlackElo "1762"]
[PlyCount "65"]

1. e4 c5 2. Nc3 d6 3. g3 Nf6 4. Bg2 g6 5. d3 Bg7
6. h3 Nc6 7. Nge2 O-O 8. O-O a6 9. f4 e6 10. g4 Ne7 11. Ng3 h6 12. Be3 Rb8 13.
Qd2 b5 14. e5 Nfd5 15. exd6 Qxd6 16. Nge4 Qc7 17. Bxc5 Rd8 18. d4 f5 19. Ng3
Nxc3 20. Qxc3 b4 21. Qe3 Qxc5 22. dxc5 Bd4 23. Qxd4 Rxd4 24. gxf5 Nxf5 25. Nxf5
gxf5 26. c6 Rc4 27. Rfd1 Kf7 {(=)} 28. Rd8 a5 29. Rad1 Rxc2 30. Rh8 b3 31. axb3
Rxb3 32. Rxc8 Rg3 33. Rd7+ 1-0

[Event "TIPC 2005"]
[Site "Charleroi"]
[Date "2005.07.31"]
[Round "2"]
[White "Pacolet F"]
[Black "Laurent J"]
[Result "0-1"]
[WhiteElo "1920"]
[BlackElo "2261"]
[PlyCount "52"]

1. d4 d6 2. c4 e5 3. dxe5 dxe5 4. Qxd8+ Kxd8 5.
f3 c6 6. Nc3 Be6 7. e4 Nd7 8. Be3 Bc5 9. Kf2 a5 10. b3 Bxe3+ 11. Kxe3 Nc5 12.
g3 f6 13. Nh3 Nh6 14. Nf2 Kc7 15. Bh3 Nf7 16. f4 Bxh3 17. Nxh3 Rhe8 18. f5 Nd6
19. Nf2 Red8 20. Rhd1 a4 21. Nd3 Nxd3 22. Rxd3 axb3 23. c5 Nc4+ 24. Ke2 Rd4 25.
Rxd4 exd4 26. Nd1 Rxa2+ 0-1

[Event "TIPC 2005"]
[Site "Charleroi"]
[Date "2005.07.31"]
[Round "2"]
[White "Marville G"]
[Black "Henris L"]
[Result "0-1"]
[WhiteElo "1922"]
[BlackElo "2308"]
[PlyCount "58"]

1. e4 e5 2. Nf3 d6 3. d4 exd4 4. Nxd4 Nf6 5. Nc3
Be7 6. Be2 O-O 7. O-O a6 8. Be3 c5 9. Nb3 Nc6 10. f3 Be6 11. Rf2 b5 12. Bf1 b4
13. Ne2 a5 14. Nf4 a4 15. Nd2 d5 16. exd5 Nxd5 17. Nxd5 Bxd5 18. Bc4 a3 19. b3
Bf6 20. Bxd5 Qxd5 21. Ne4 Bd4 22. c3 bxc3 23. Bxd4 Qxd4 24. Qc2 f5 25. Rd1 fxe4
26. Rxd4 cxd4 27. Qxe4 Rac8 28. f4 Rfe8 29. Qd3 Nb4 0-1

[Event "TIPC 2005"]
[Site "Charleroi"]
[Date "2005.07.31"]
[Round "2"]
[White "Cottenier C"]
[Black "Lorand B"]
[Result "1-0"]
[WhiteElo "1648"]
[BlackElo "1273"]
[PlyCount "53"]

1. e4 e6 2. d4 d5 3. Nc3 Bb4 4. e5 a6 5. a3
Bxc3+ 6. bxc3 Ne7 7. a4 Nd7 8. f4 Nf5 9. Nf3 Nb6 10. Bd3 Bd7 11. a5 Na4 12. Qd2
c5 13. c4 cxd4 14. cxd5 Ne3 15. Nxd4 Nf5 16. Nxf5 exf5 17. Qb4 Rb8 18. Rxa4
Bxa4 19. Qxa4+ Qd7 20. Qxd7+ Kxd7 21. Bxf5+ Kd8 22. Be3 b5 23. axb6 Rb7 24. c4
g6 25. Bd3 Re8 26. c5 a5 27. c6 Rbe7 28. d6 Rxe5 29. fxe5 Rxe5 30. Kd2 1-0

[Event "TIPC 2005"]
[Site "Charleroi"]
[Date "2005.08.01"]
[Round "3"]
[White "Werner G"]
[Black "Giadrosic D"]
[Result "0-1"]
[WhiteElo "1799"]
[BlackElo "1949"]
[PlyCount "42"]

1. f4 d6 2. Nf3 Nf6 3. b4 Nbd7 4. Bb2 e5 5. e3
exf4 6. e4 Nxe4 7. Bc4 Nb6 8. Qe2 Nxc4 9. Qxc4 d5 10. Qd4 Qe7 11. O-O Qxb4 12.
Qe5+ Be6 13. Ba3 Qb6+ 14. d4 Bxa3 15. Nxa3 Qb2 16. Qxg7 O-O-O 17. Rfb1 Qc3 18.
Nb5 Qe3+ 19. Kh1 Nf2+ 20. Kg1 Nh3+ 21. Kh1 Qg1+ 0-1

[Event "TIPC 2005"]
[Site "Charleroi"]
[Date "2005.08.01"]
[Round "3"]
[White "Baten O"]
[Black "Deboulle M"]
[Result "0-1"]
[WhiteElo "1864"]
[BlackElo "1737"]
[PlyCount "58"]

1. e4 c5 2. Nc3 Nc6 3. g3 g6 4. Bg2 Bg7 5. d3 e6
6. f4 Nge7 7. Nf3 O-O 8. Be3 d6 9. O-O Rb8 10. e5 Nf5 11. Bf2 dxe5 12. Bxc5 Re8
13. g4 Ncd4 14. Nxd4 exd4 15. Nb5 Bf8 16. Bxf8 Rxf8 17. Qe1 a6 18. Na3 Qc7 19.
Be4 Ne7 20. Nc4 b5 21. Ne5 f6 22. Nf3 f5 23. Qh4 fxe4 24. Ng5 Nd5 25. Nxe4 Bb7
26. Rf3 Rxf4 27. Rxf4 Qxf4 28. Ng5 Qe3+ 29. Kg2 Nf4+ 0-1

[Event "TIPC 2005"]
[Site "Charleroi"]
[Date "2005.08.01"]
[Round "3"]
[White "Chatalbashev B"]
[Black "Bolzoni V-A"]
[Result "1-0"]
[WhiteElo "2499"]
[BlackElo "2210"]
[PlyCount "59"]

1. d4 Nf6 2. c4 Nc6 3. Nf3 e6 4. a3 d6 5. Nc3
Be7 6. e4 O-O 7. Be2 e5 8. d5 Nb8 9. O-O a5 10. Ne1 Na6 11. Nd3 Nc5 12. Nxc5
dxc5 13. f4 Bd6 14. f5 Be7 15. Be3 Ne8 16. Rf3 g5 17. Qd2 f6 18. h4 h6 19. Rh3
Kg7 20. Kf2 Rh8 21. Rah1 Bd7 22. Bh5 Nd6 23. Qe2 Be8 24. hxg5 fxg5 25. Bxc5
Nxf5 26. exf5 Bxc5+ 27. Ke1 Be7 28. Bxe8 Qxe8 29. Ne4 Qf8 30. f6+ 1-0

[Event "TIPC 2005"]
[Site "Charleroi"]
[Date "2005.08.01"]
[Round "3"]
[White "Cuypers T"]
[Black "Dejasse D"]
[Result "1-0"]
[WhiteElo "1565"]
[BlackElo "1378"]
[PlyCount "32"]

1. e4 e5 2. Nf3 Nc6 3. Bb5 a6 4. Ba4 Nf6 5. O-O
Nxe4 6. d3 Nf6 7. Bxc6 dxc6 8. Nxe5 Bd6 9. Re1 O-O 10. Nd2 Be6 11. Ndf3 Re8 12.
Bf4 Nd5 13. Bd2 f6 14. Nc4 Bf4 15. Nd4 Bd7 16. Bxf4 Nxf4 1-0

[Event "TIPC 2005"]
[Site "Charleroi"]
[Date "2005.08.01"]
[Round "3"]
[White "Majewski P"]
[Black "Laurent B"]
[Result "0-1"]
[WhiteElo "1799"]
[BlackElo "2328"]
[PlyCount "54"]

1. e4 e6 2. Nc3 d5 3. exd5 exd5 4. d4 Nf6 5. Nf3
Bg4 6. Be2 Be7 7. O-O O-O 8. Re1 Nbd7 9. h3 Bh5 10. Bf4 c6 11. Ne5 Bxe2 12.
Rxe2 Bb4 13. Qd3 Qa5 14. Nd1 Rfe8 15. c3 Bf8 16. Ne3 Nxe5 17. Bxe5 Nd7 18. Bg3
b5 19. b4 Qa3 20. Rae1 a5 21. bxa5 Nf6 22. Nc2 Rxe2 23. Rxe2 Qxa5 24. f3 Nh5
25. Bh2 Qxa2 26. Kf2 Qb3 27. Ke3 g6 0-1

[Event "TIPC 2005"]
[Site "Charleroi"]
[Date "2005.08.01"]
[Round "3"]
[White "Marchiano M"]
[Black "Dal Borgo A"]
[Result "0-1"]
[WhiteElo "1512"]
[BlackElo "2196"]
[PlyCount "20"]

1. e4 c5 2. Nf3 e6 3. d4 cxd4 4. Nxd4 Nc6 5. Nc3
a6 6. Bc4 Qc7 7. a3 b5 8. Bb3 Bb7 9. O-O Nf6 10. f3 Nxd4 0-1

[Event "TIPC 2005"]
[Site "Charleroi"]
[Date "2005.08.01"]
[Round "3"]
[White "Vansteenkiste V"]
[Black "Brunet D"]
[Result "1-0"]
[WhiteElo "2068"]
[BlackElo "1727"]
[PlyCount "25"]

1. e4 e5 2. Nf3 f5 3. Nc3 d6 4. Bc4 Nf6 5. d3
Nc6 6. Ng5 Na5 7. Bf7+ Ke7 8. Nd5+ Nxd5 9. exd5 c5 10. Qh5 Qb6 11. Ne6 Qb4+ 12.
c3 g6 13. Bxg6 1-0

[Event "TIPC 2005"]
[Site "Charleroi"]
[Date "2005.08.01"]
[Round "3"]
[White "Vanhee F"]
[Black "Mastalerz X"]
[Result "1-0"]
[WhiteElo "1949"]
[BlackElo "1671"]
[PlyCount "43"]

1. e4 e6 2. Nc3 d5 3. d3 Bb4 4. Bd2 Bxc3 5. Bxc3
d4 6. Bd2 c5 7. f4 Ne7 8. Nf3 Qb6 9. Rb1 Nbc6 10. g3 Bd7 11. Bg2 Ng6 12. O-O
O-O-O 13. Ng5 Rdf8 14. e5 Nce7 15. b4 Bc6 16. bxc5 Qc7 17. Bxc6 Qxc6 18. Ne4
Nf5 19. Nd6+ Nxd6 20. cxd6 h5 21. Rb4 Qd5 22. Qf3 1-0

[Event "TIPC 2005"]
[Site "Charleroi"]
[Date "2005.08.01"]
[Round "3"]
[White "Vandevoort P"]
[Black "Gillain N"]
[Result "1-0"]
[WhiteElo "2414"]
[BlackElo "2073"]
[PlyCount "37"]

1. e4 c5 2. Nf3 Nc6 3. Bb5 Qb6 4. Nc3 Nf6 5. e5
Ne4 6. Nd5 Qa5 7. O-O Nd4 8. Nxd4 cxd4 9. b4 Qd8 10. Qg4 e6
11. Qxe4 exd5 12. Qxd4 Qc7 13. Qxd5 Bxb4 14. e6 fxe6 15. Qxe6+ Kd8 16. Qe4 Qc5
17. c4 d6 18. a3 Ba5 19. Re1 1-0

[Event "TIPC 2005"]
[Site "Charleroi"]
[Date "2005.08.01"]
[Round "3"]
[White "Deprez D"]
[Black "Kocur M"]
[Result "0-1"]
[WhiteElo "1710"]
[BlackElo "1842"]
[PlyCount "46"]

1. c4 Nc6 2. Nc3 e5 3. g3 f5 4. Bg2 Nf6 5. e3 e4
6. d3 Bb4 7. Nge2 Ne5 8. dxe4 fxe4 9. Bxe4 Nxe4 10. Qd5 Nf3+ 11. Kf1 Neg5 12.
h4 c6 13. Qf5 d6 14. Qc2 Bh3+ 15. Rxh3 Nxh3 16. Qe4+ Ne5 17. f4 O-O 18. Kg2 Qd7
19. a3 Bxc3 20. bxc3 Rae8 21. Nd4 Qg4 22. Bd2 Ng6 23. Qf3 Nxh4+ 0-1

[Event "TIPC 2005"]
[Site "Charleroi"]
[Date "2005.08.01"]
[Round "3"]
[White "Vandenbruaene A"]
[Black "Pacolet F"]
[Result "0-1"]
[WhiteElo "1641"]
[BlackElo "1920"]
[PlyCount "48"]

1. f4 d5 2. e3 g6 3. Nf3 Bg7 4. d4 Nh6 5. Bd3
O-O 6. O-O b6 7. Qe2 c5 8. c3 Bb7 9. Nbd2 Nc6 10. Ne5 f6 11. Nxg6 hxg6 12. Bxg6
e5 13. e4 Ne7 14. Bh5 cxd4 15. c4 dxe4 16. Nxe4 d3 17. Qe1 Bxe4 18. Qxe4 d2 19.
Bxd2 Qxd2 20. Rad1 Qb4 21. Rf3 Rad8 22. Rdf1 Rd4 23. Qb7 Rxf4 24. Rg3 Qc5+ 0-1

[Event "TIPC 2005"]
[Site "Charleroi"]
[Date "2005.08.01"]
[Round "3"]
[White "Denayer E"]
[Black "Karpatchev A"]
[Result "1-0"]
[WhiteElo "2224"]
[BlackElo "2487"]
[PlyCount "75"]

1. d4 d5 2. c4 dxc4 3. e4 Nc6 4. Nf3 Bg4 5. d5
Ne5 6. Bf4 Ng6 7. Be3 e5 8. Bxc4 a6 9. Be2 Bd6 10. Nfd2 Bd7 11. O-O Nf6 12. Nc3
O-O 13. Rc1 Qe7 14. Re1 b5 15. a3 Rfb8 16. Ncb1 Nf4 17. Bxf4 exf4 18. Bf3 Be5
19. b4 a5 20. bxa5 Rxa5 21. Nb3 Ra4 22. Nc5 Rc4 23. Nd3 g5 24. h3 h5 25. Bxh5
Rxc1 26. Nxc1 b4 27. axb4 Rxb4 28. Nd3 Rd4 29. Qf3 Bb5 30. Nxe5 Qxe5 31. Bg4
Rd3 32. Qe2 Qd4 33. Qc2 Qb4 34. Rd1 Rxd1+ 35. Qxd1 Nxe4 36. Bf3 Nd6 37. Nd2 Qd4
38. Qe1 1-0

[Event "TIPC 2005"]
[Site "Charleroi"]
[Date "2005.08.01"]
[Round "3"]
[White "Van Uytven E"]
[Black "Fosset F"]
[Result "1/2-1/2"]
[WhiteElo "2199"]
[BlackElo "2008"]
[PlyCount "20"]

1. d4 Nf6 2. c4 e6 3. Nf3 b6 4. e3 Bb7 5. Bd3
Bb4+ 6. Bd2 Qe7 7. O-O Bxd2 8. Nbxd2 d6 9. Qc2 Nbd7 10. b4 O-O 1/2-1/2

[Event "TIPC 2005"]
[Site "Charleroi"]
[Date "2005.08.01"]
[Round "3"]
[White "Delmont  J-R"]
[Black "Leloutre B"]
[Result "1/2-1/2"]
[WhiteElo "2040"]
[BlackElo "1824"]
[PlyCount "39"]

1. d4 e6 2. c4 Nf6 3. Nc3 Bb4 4. e3 b6 5. Nge2
Ne4 6. Qc2 Nxc3 7. Nxc3 Bb7 8. a3 Bxc3+ 9. Qxc3 d6 10. Bd3 Qg5 11. Bd2 Qxg2 12.
O-O-O Qxf2 13. Rhg1 g6 14. e4 Nd7 15. Rdf1 Qxh2 16. Rh1 Qg2 17. Rfg1 Qf3 18.
Rf1 Qg4 19. Rfg1 Qf3 20. Rf1 1/2-1/2

[Event "TIPC 2005"]
[Site "Charleroi"]
[Date "2005.08.01"]
[Round "3"]
[White "Ringoir T"]
[Black "Wattin J"]
[Result "1/2-1/2"]
[WhiteElo "1880"]
[BlackElo "1660"]
[PlyCount "27"]

1. e4 c5 2. Nc3 Nc6 3. g3 g6 4. Bg2 Bg7 5. d3 d6
6. Be3 Nf6 7. h3 e5 8. Qd2 Be6 9. Bh6 O-O 10. Bxg7 Kxg7 11. f4 Nd4 12. Nf3 Nh5
13. Qf2 f5 14. exf5 1/2-1/2

[Event "TIPC 2005"]
[Site "Charleroi"]
[Date "2005.08.01"]
[Round "3"]
[White "Delcour E"]
[Black "Belva F"]
[Result "0-1"]
[WhiteElo "1756"]
[BlackElo "1855"]
[PlyCount "64"]

1. e4 Nc6 2. d4 d5 3. e5 Bf5 4. Nf3 e6 5. Bd2 h5
6. h4 Nh6 7. Bxh6 Rxh6 8. Bd3 Bg4 9. Nbd2 Nxd4 10. c3 Nxf3+ 11. gxf3 Bf5 12.
Bxf5 exf5 13. f4 Be7 14. Nf3 Rb6 15. Qc2 Qd7 16. O-O-O O-O-O 17. c4 Rc6 18.
Rxd5 Qxd5 19. cxd5 Rxc2+ 20. Kxc2 Rxd5 21. Rd1 c6 22. Rxd5 cxd5 23. Kd3 Bc5 24.
Nd4 g6 25. f3 Be7 26. Nb5 Kd7 27. Kd4 Bxh4 28. Kxd5 Bg3 29. Nd6 h4 30. Nxf7 h3
31. e6+ Ke7 32. Nh6 Bh4 0-1

[Event "TIPC 2005"]
[Site "Charleroi"]
[Date "2005.08.01"]
[Round "3"]
[White "Moga C"]
[Black "Detraux D"]
[Result "0-1"]
[WhiteElo "1689"]
[BlackElo "1573"]
[PlyCount "28"]

1. e4 Nf6 2. e5 Nd5 3. c4 Nb6 4. d4 d6 5. Nf3
Bg4 6. Qb3 Bxf3 7. Qxf3 Nc6 8. Qf4 dxe5 9. dxe5 Qd4 10. e6 O-O-O 11. Nc3 Nb4
12. Qg5 g6 13. Qg3 Nc2+ 14. Ke2 Qxc4+ 0-1

[Event "TIPC 2005"]
[Site "Charleroi"]
[Date "2005.08.01"]
[Round "4"]
[White "Charlier B"]
[Black "Russo B"]
[Result "1/2-1/2"]
[WhiteElo "1609"]
[BlackElo "1867"]
[PlyCount "59"]

1. d4 d6 2. c4 Nf6 3. Nf3 g6 4. g3 Bg7 5. Bg2
O-O 6. O-O Nbd7 7. Nc3 e5 8. Qc2 c6 9. Rd1 Qe8 10. e4 Nh5 11. b3 f5 12. exf5
gxf5 13. Ba3 e4 14. Nh4 c5 15. dxc5 Nxc5 16. Rxd6 Nd3 17. Bf1 Ne5 18. Rad1 Bf6
19. Ng2 Nf3+ 20. Kh1 Be7 21. c5 Bxd6 22. cxd6 Bd7 23. Nd5 Nf6 24. Nc7 Qh5 25.
Bc4+ Kg7 26. h4 Qg4 27. Nf4 Nxh4 28. Be2 Nf3 29. Bb2 Rac8 30. Kg2 1/2-1/2

[Event "TIPC 2005"]
[Site "Charleroi"]
[Date "2005.08.01"]
[Round "4"]
[White "Breda P"]
[Black "Lefevre R"]
[Result "1-0"]
[WhiteElo "1150"]
[BlackElo "1680"]
[PlyCount "51"]

1. e4 e5 2. Nf3 Nc6 3. d4 exd4 4. Nxd4 Nf6 5.
Nc3 d6 6. Nf3 Bg4 7. Be2 Be7 8. O-O Qd7 9. Bc4 Rd8 10. Qd3 O-O 11. Re1 Nb4 12.
Qd2 Rfe8 13. Bb5 c6 14. Bd3 Qc7 15. Qf4 Bf8 16. Bd2 h6 17. Re3 Qd7 18. h3 Be6
19. e5 dxe5 20. Rxe5 Bd6 21. Ne4 Nh5 22. Qh4 Nxd3 23. Rxh5 Nxb2 24. Nf6+ gxf6
25. Qxf6 Bf8 26. Bc3 1-0

[Event "TIPC 2005"]
[Site "Charleroi"]
[Date "2005.08.01"]
[Round "4"]
[White "Wautelet P"]
[Black "Lersy X"]
[Result "1/2-1/2"]
[WhiteElo "1624"]
[BlackElo "2067"]
[PlyCount "36"]

1. d4 e6 2. c4 f5 3. Nc3 Nf6 4. Bg5 Be7 5. Nf3
O-O 6. e3 Qe8 7. Be2 d6 8. O-O Nbd7 9. Re1 c6 10. Bd3 d5 11. Qc2 a6 12. c5 h6
13. Bh4 Qh5 14. Bg3 g5 15. Be2 Qg6 16. Ne5 Qg7 17. a4 Ne4 18. Nxd7 Bxd7 {(=)}
1/2-1/2

[Event "TIPC 2005"]
[Site "Charleroi"]
[Date "2005.08.01"]
[Round "4"]
[White "Lucrezi M"]
[Black "Collart D"]
[Result "0-1"]
[WhiteElo "1150"]
[BlackElo "1453"]
[PlyCount "80"]

1. d4 Nf6 2. Nf3 d5 3. e3 e6 4. Bd3 c5 5. c3 Nc6
6. Nbd2 Qb6 7. b3 Be7 8. Bb2 Bd7 9. O-O Rc8 10. Rc1 O-O 11. Re1 c4 12. Bc2 a5
13. e4 dxe4 14. Nxe4 cxb3 15. axb3 Na7 16. c4 Nxe4 17. Rxe4 Bf6 18. Ne5 Bxe5
19. dxe5 Bc6 20. Rh4 g6 21. Qd3 Rfd8 22. Qh3 Rd2 23. Rf4 Rcd8 24. Bc3 Rxc2 25.
Rf1 Qxb3 26. Qh4 Qb6 27. Qf6 Rf8 28. Rd1 Rxc3 29. h4 h5 30. g4 Rg3+ 31. Kf1
Bg2+ 32. Ke1 Qb4+ 33. Ke2 Rxg4 34. Qxf7+ Rxf7 35. Rd8+ Kg7 36. Rxf7+ Kxf7 37.
Rd7+ Ke8 38. Rh7 Qxc4+ 39. Kd2 Rd4+ 40. Ke3 Qd3# 0-1

[Event "TIPC 2005"]
[Site "Charleroi"]
[Date "2005.08.01"]
[Round "4"]
[White "Laurent B"]
[Black "Chatalbashev B"]
[Result "0-1"]
[WhiteElo "2328"]
[BlackElo "2499"]
[PlyCount "51"]

1. d4 g6 2. e4 Bg7 3. Nc3 c6 4. Nf3 d5 5. h3 Nf6
6. e5 Ne4 7. Nxe4 dxe4 8. Ng5 c5 9. Bc4 O-O 10. c3 cxd4 11. cxd4 Nc6 12. Be3
Na5 13. Be2 f5 14. b4 f4 15. bxa5 fxe3 16. Qb3+ e6 17. Qxe3 h6 18. h4 Qxa5+ 19.
Kf1 Bd7 20. Qxe4 Rac8 21. Rh3 Qd2 22. Kg1 Rc1+ 23. Rxc1 Qxc1+ 24. Kh2 Rxf2 25.
Bf3 Rf1 26. Qxb7 0-1

[Event "TIPC 2005"]
[Site "Charleroi"]
[Date "2005.08.01"]
[Round "4"]
[White "Gouliev N"]
[Black "Chevry P"]
[Result "1-0"]
[WhiteElo "2555"]
[BlackElo "1858"]
[PlyCount "31"]

1. e4 c5 2. Nf3 d6 3. d4 cxd4 4. Nxd4 Nf6 5. Nc3
a6 6. Be3 Ng4 7. Bg5 Qb6 8. Nd5 Qd8 9. Nf5 f6 10. Bd2 Ne5 11. Be3 Nbd7 12. f4
Ng6 13. Nd4 Nc5 14. Qh5 Nxe4 15. O-O-O Qa5 16. Nxf6+ 1-0

[Event "TIPC 2005"]
[Site "Charleroi"]
[Date "2005.08.01"]
[Round "4"]
[White "Denayer E"]
[Black "Vandevoort P"]
[Result "1/2-1/2"]
[WhiteElo "2224"]
[BlackElo "2414"]
[PlyCount "38"]

1. d4 d5 2. c4 c6 3. Nc3 Nf6 4. Nf3 dxc4 5. a4
Bf5 6. e3 e6 7. Bxc4 Bb4 8. O-O O-O 9. Qe2 Bg6 10. Ne5 Nbd7 11. Nxg6 hxg6 12.
Rd1 Qa5 13. Bd2 e5 14. Na2 Bxd2 15. Qxd2 Qc7 16. Be2 e4 17. Nc3 Rad8 18. Qc2
Rfe8 19. b4 a5 {(=)} 1/2-1/2

[Event "TIPC 2005"]
[Site "Charleroi"]
[Date "2005.08.01"]
[Round "4"]
[White "Counet JM"]
[Black "Di Cosmo J"]
[Result "1/2-1/2"]
[WhiteElo "2118"]
[BlackElo "1945"]
[PlyCount "65"]

1. e4 e6 2. d4 d5 3. e5 c5 4. c3 Qb6 5. Nf3 Bd7
6. Be2 cxd4 7. cxd4 Bb5 8. Nc3 Bxe2 9. Qxe2 Nc6 10. O-O Nge7 11. Be3 Nf5 12.
Qd3 Be7 13. Nxd5 Qa5 14. Nc3 Rd8 15. Qe4 Qb4 16. a3 Qxb2 17. Rfc1 Nxe3 18. fxe3
Bxa3 19. Rab1 Qxc1+ 20. Rxc1 Bxc1 21. Kf2 Ba3 22. Nb5 Be7 23. d5 exd5 24. Nc7+
Kf8 25. Nxd5 h5 26. Nd4 Rh6 27. Nxe7 Nxe7 28. Qxb7 a6 29. e6 Rf6+ 30. Ke2 fxe6
31. Qxa6 Kf7 32. Qa5 Rd5 33. Qc7 {(=)} 1/2-1/2

[Event "TIPC 2005"]
[Site "Charleroi"]
[Date "2005.08.01"]
[Round "4"]
[White "Colilli L"]
[Black "Baeten O"]
[Result "0-1"]
[WhiteElo "1328"]
[BlackElo "1864"]
[PlyCount "40"]

1. e4 d5 2. exd5 Qxd5 3. Nc3 Qa5 4. d4 Nf6 5.
Nf3 Bg4 6. Be2 e6 7. O-O Bd6 8. Re1 c6 9. Bg5 Bxf3 10. Bxf6 Bxe2 11. Rxe2 gxf6
12. d5 cxd5 13. Nxd5 Be5 14. Ne3 Nc6 15. Nc4 Qc5 16. Nxe5 Nxe5 17. h3 Rd8 18.
Rd2 Ke7 19. b4 Qxb4 20. Rb1 Qxd2 0-1

[Event "TIPC 2005"]
[Site "Charleroi"]
[Date "2005.08.01"]
[Round "4"]
[White "Bolzoni V-A"]
[Black "Kocur M"]
[Result "1-0"]
[WhiteElo "2210"]
[BlackElo "1842"]
[PlyCount "80"]

1. e4 c6 2. d4 d5 3. Nc3 dxe4 4. Nxe4 Nd7 5. Bc4
Ngf6 6. Ng5 e6 7. Qe2 Nb6 8. Bd3 h6 9. N5f3 Bd6 10. Ne5 Bxe5 11. dxe5 Nfd7 12.
Qg4 Kf8 13. Nf3 Nc5 14. O-O Nd5 15. Rd1 a5 16. c4 Ne7 17. Bc2 Qc7 18. Be3 b6
19. Rd2 Nb7 20. Rad1 Nf5 21. Bf4 Kg8 22. h4 Rb8 23. h5 Qe7 24. Be4 c5 25. a4
Kh7 26. Nh4 Rd8 27. Rxd8 Nxd8 28. Nxf5 exf5 29. Bxf5+ Bxf5 30. Qxf5+ g6 31.
hxg6+ fxg6 32. Qh3 Nf7 33. e6 Ng5 34. Bxg5 Qxg5 35. Qf3 Qf6 36. Rd7+ Kg8 37.
Qc3 Qf8 38. Qg3 g5 39. Qd3 Qf4 40. Qh7+ Kf8 1-0